AH International Schools' Libraries

What's on there? (KHMER) / (Record no. 50267)

MARC details
000 -LEADER
fixed length control field 00279nam a2200109 4500
020 ## - INTERNATIONAL STANDARD BOOK NUMBER
International Standard Book Number 9789995001995
100 ## - MAIN ENTRY--PERSONAL NAME
Personal name Ngoun, Sakal
9 (RLIN) 80256
245 ## - TITLE STATEMENT
Title What's on there? (KHMER) /
Statement of responsibility, etc Nguon Sakal
260 ## - PUBLICATION, DISTRIBUTION, ETC. (IMPRINT)
Place of publication, distribution, etc Cambodia
Name of publisher, distributor, etc PDH
Date of publication, distribution, etc 2018
300 ## - PHYSICAL DESCRIPTION
Extent 8 p.
Other physical details col. ill.
Dimensions 27 cm.
942 ## - ADDED ENTRY ELEMENTS (KOHA)
Source of classification or shelving scheme
Koha item type Book
Holdings
Withdrawn status Lost status Source of classification or shelving scheme Damaged status Not for loan Collection code Home library Current library Shelving location Date acquired Total Checkouts Full call number Barcode Date last seen Price effective from Koha item type
          Non-Fiction Asian Hope Early Years Library Asian Hope Early Years Library Easy Reading 03/23/2026   KHMER E NGO 209492 03/23/2026 03/23/2026 Book

For any Logos Library related questions please contact Miss Art at swongnarasuk@asianhope.org.

For any Asian Hope Library related questions please contact Miss Raza at graza@asianhope.org.

Powered by Koha